Statistics for Fictional countries A-Z

Click here to take the quiz!

General Stats

  • This quiz has been taken 88 times
  • The average score is 4 of 26

Answer Stats

LetterOriginHintCountry% Correct
APlatoIsland nation that some believe is actually a real place lost under the seaAtlantis
95%
HLegend of ZeldaMain setting of the Zelda gamesHyrule
46%
O1984Home of Winston Smith, ruled by Big BrotherOceania
29%
JEscape from Monkey IslandCaribbean Island that shares its name with a creole dishJambalaya Island
24%
PFamily GuyPeter makes his own country when he can't build a pool in his back yardPetoria
24%
SThe Elder ScrollsLand of the NordsSkyrim
21%
LMarvel ComicsEastern European country ruled by Doctor DoomLatveria
20%
EMy Little PonyLand of magic talking poniesEquestria
18%
GThe Princess DiariesMia Thermopolis discovers she is princess of this countryGenovia
18%
DJames GurneyLand where dinosaurs live with humansDinotopia
17%
ZComing to AmericaAn African country where Eddie Murphy is princeZamunda
17%
KThe TerminalHomeland of Viktor Navorski, under civil warKrakozhia
11%
WThe DictatorNation ruled by Haffaz AladeenWadiya
11%
BGulliver's TravelsLand where everyone is tiny, paired with LiliputBlefuscu
8%
FDuck SoupCountry run by Groucho MarxFreedonia
7%
RFuturamaA land Bender didn't make upRobonia
5%
VChitty Chitty Bang BangCountry ruled by Baron Bomburst, where children are bannedVulgaria
5%
TAmbassadorsCentral Asian country with a president named KarzakTazbekistan
4%
CBatmanSouth American island nationCorto Maltese
3%
MOne Life to LiveEuropean principality, home to the Hohenstein royal familyMendorra
3%
USan SombrèroArab country featured in the parody travel handbookUnaudited Arab Emirates
3%
ILicence to KillJames Bond goes to the Carribbean nation to kill Franz SanchezIsthmus
1%
NMary NortonMagical island land from "The Magic Bed Knob"Naboombu
1%
QThe West WingOil rich Middle-Eastern country planning terrorist attacks on the USQumar
1%
XFull Metal AlchemistOne syllable country east of AmestrisXing
1%
YBlake and MortimerFascist Asian countryYellow Empire
0%

Score Distribution

Percentile by Number Answered

Percent of People with Each Score

Your Score History

You have not taken this quiz